LEADER 01397nam a2200301 a 4500 001 000000121390 003 CaOOAMICUS 005 20100427093540.0 008 100427t2008 it u000 u ita r 020 $a978-88-596-0487-7 040 $aPUL$bita$dReb 082 04$a270.8 100 1 $aPaolini, Gabriele.$0(OLS)http://pul/name/76008 245 10$aOffensive di pace :$bla Santa Sede e la prima guerra mondiale /$cGabriele Paolini ; prefazione di Francesco Margiotta Broglio. 260 $aFirenze :$bEdizioni Polistampa,$cİ2008. 300 $a449 p. ;$c24 cm. 490 1 $aBiblioteca della nuova antologia ;$v29 504 $aBibliografia p. 421-439. 610 14$aSanta Sede$xConflitto mondiale$y1915-1918.$0(OLS)http://pul/subject/36770 700 1 $aMargiotta Broglio, Francesco.$0(OLS)http://pul/name/5535 830 0$aBiblioteca della nuova antologia ;$v29.$0(OLS)http://pul/title/152722 850 $aPUL 852 $aPUL$W1$xSL Religione 3$y85$m270. 8 PAOGA 1$j139250$qDDC 21$B138465$CPULBib$Z2$F138465 $H113277 $82 941 1 $a9 996 $6020$a978-88-596-0487-7$9(OLS)http://pul/number/144009 996 $6082$a270.8$9(OLS)http://pul/classification/399 996 $6245$aOffensive di pace :$bla Santa Sede e la prima guerra mondiale$9(OLS)http://pul/title/152723 996 $6260$aFirenze :$bEdizioni Polistampa$9(OLS)http://pul/publisher/81285 LEADER 01460nam a2200301 a 4500 001 000000144057 003 CaOOAMICUS 005 20150612120150.0 008 150612s2003 it u000 u ita r 040 $aPUL$bita 082 04$a334 245 00$aBanche con l'anima :$btestimonianze sulle Banche di credito cooperativo da Wollemborg a Ciampi, 1883-2003 /$ca cura di Sergio Gatti ; prefazione si Stefano Zamagni ; con la collaborazone di Roberta Ferrari. 260 $aRoma :$bEcra - Edizioni del Credito Cooperativo$g2003 300 $a302 p. ;$c22 cm 490 1 $aDocumenti 504 $aBibliografia in nota. 650 4$aBanche e istituti di credito.$0(OLS)http://pul/subject/19450 700 1 $aGatti, Sergio.$0(OLS)http://pul/name/92510 700 1 $aZamagni, Stefano,$d1943-$0(OLS)http://pul/name/42265 700 1 $aFerrari, Roberta.$0(OLS)http://pul/name/92511 830 0$aDocumenti (Ecra).$0(OLS)http://pul/title/182244 850 $aPUL 852 $aPUL$W1$xDP2 Diritto e Scienze Sociali 3$y110$m334 GATSE 1$j166117$qDDC 21$B166619$CPULBib$Z2$F166619 $H126136 $82 941 1 $a9 996 $6082$a334$9(OLS)http://pul/classification/2785 996 $6245$aBanche con l'anima :$btestimonianze sulle Banche di credito cooperativo da Wollemborg a Ciampi, 1883-2003$9(OLS)http://pul/title/182243 996 $6260$aRoma :$bEcra - Edizioni del Credito Cooperativo$9(OLS)http://pul/publisher/82277